[Event "First Saturday FM-B November2014"]
[Site "Budapest"]
[Date "2014.11.07"]
[Round "6.4"]
[White "Ongut, Tamas Gunes"]
[Black "Ambrus, Ferenc"]
[Result "1-0"]
[WhiteElo "1685"]
[BlackElo "1397"]
[PlyCount "105"]
[EventDate "2014.11.01"]

1. d4 d5 2. c4 e5 3. e3 exd4 4. exd4 Bb4+ 5. Bd2 Qe7+ 6. Be2 dxc4 7. Qa4+ Nc6
8. d5 Bxd2+ 9. Nxd2 Qb4 10. Qc2 Ne5 11. a3 Qe7 12. O-O-O b5 13. f4 Nd7 14. Bf3
Qd6 15. Nh3 Ndf6 16. Ne4 Nxe4 17. Qxe4+ Ne7 18. Rhe1 f6 19. Re2 Bf5 20. Qxf5
O-O 21. Qe6+ Rf7 22. Bg4 a5 23. Qxd6 cxd6 24. Be6 b4 25. Rde1 Ra7 26. Bxf7+
Kxf7 27. Rxe7+ Rxe7 28. Rxe7+ Kxe7 29. axb4 axb4 30. Kc2 Kd7 31. b3 c3 32. Nf2
g5 33. f5 h5 34. Nd3 g4 35. Nxb4 h4 36. Kxc3 Ke7 37. Nc6+ Kf7 38. b4 Ke8 39. b5
Kd7 40. b6 Kc8 41. Kb4 Kb7 42. Kb5 g3 43. hxg3 hxg3 44. Na7 Kb8 45. Kc6 Ka8 46.
b7+ Kb8 47. Kxd6 Kxb7 48. Nc6 Kc8 49. Ke7 Kc7 50. d6+ Kxc6 51. d7 Kd5 52. d8=Q+
Ke5 53. Qd3 1-0

[Event "First Saturday FM-B November2014"]
[Site "Budapest"]
[Date "2014.11.07"]
[Round "6.5"]
[White "Szlenka, Attila"]
[Black "Oberfrank, Istvan"]
[Result "1-0"]
[WhiteElo "1757"]
[BlackElo "1755"]
[PlyCount "85"]
[EventDate "2014.11.01"]

1. Nf3 d5 2. g3 Nf6 3. Bg2 Bf5 4. d3 e6 5. O-O h6 6. c4 c6 7. cxd5 exd5 8. Bd2
Nbd7 9. Nd4 Bh7 10. Nc3 Bc5 11. Nb3 Be7 12. e4 dxe4 13. dxe4 O-O 14. Qe2 Nc5
15. Nxc5 Bxc5 16. Rad1 Qe7 17. Kh1 Rfe8 18. Rfe1 Qe6 19. f3 Rad8 20. Be3 Bxe3
21. Qxe3 b6 22. Rd2 Rxd2 23. Qxd2 Qd7 24. Qxd7 Nxd7 25. Rd1 Nf8 26. Rd6 Re6 27.
Rd8 g6 28. f4 Kg7 29. Bh3 f5 30. e5 Bg8 31. Rc8 Bf7 32. Rc7 Kg8 33. Rxa7 Re8
34. Bg2 Rc8 35. Na4 Be8 36. Nxb6 Rd8 37. Bf3 Rd2 38. Nc4 Rf2 39. Ra3 Bf7 40.
Nd6 Bxa2 41. Bxc6 Rxb2 42. Rxa2 Rxa2 43. Bd5+ 1-0

[Event "First Saturday FM-B November2014"]
[Site "Budapest"]
[Date "2014.11.08"]
[Round "7.1"]
[White "Oberfrank, Istvan"]
[Black "Szurkos, Andras"]
[Result "1-0"]
[WhiteElo "1755"]
[BlackElo "1741"]
[PlyCount "97"]
[EventDate "2014.11.01"]

1. e4 e5 2. Bc4 Nf6 3. d3 Nc6 4. Nc3 Na5 5. Bb3 Nxb3 6. axb3 Bc5 7. Na4 Be7 8.
f4 exf4 9. Bxf4 d6 10. Nf3 c6 11. O-O b5 12. Nc3 Ng4 13. Qe2 O-O 14. h3 Nf6 15.
Be3 a6 16. Nd4 Bd7 17. Qf3 Ne8 18. Qf4 Bf6 19. Nf3 Qe7 20. d4 g6 21. e5 Bg7 22.
Ne4 dxe5 23. dxe5 f6 24. Bc5 fxe5 25. Qxf8+ Bxf8 26. Bxe7 Bxe7 27. Nxe5 Bf5 28.
Nxc6 Bh4 29. Rf4 Bxe4 30. Rxe4 Bf6 31. c3 Kf7 32. Rd1 g5 33. Rd7+ Kg6 34. Ne7+
Kf7 35. Nd5+ Kg6 36. g4 a5 37. Re6 h5 38. Kg2 hxg4 39. hxg4 a4 40. bxa4 bxa4
41. Rde7 Rd8 42. c4 Rxd5 43. cxd5 Ng7 44. Ra6 a3 45. bxa3 Nf5 46. Ree6 Ne3+ 47.
Rxe3 Kg7 48. Rxf6 Kxf6 49. d6 1-0

[Event "First Saturday FM-B November2014"]
[Site "Budapest"]
[Date "2014.11.08"]
[Round "7.2"]
[White "Ambrus, Ferenc"]
[Black "Szlenka, Attila"]
[Result "0-1"]
[WhiteElo "1397"]
[BlackElo "1757"]
[PlyCount "74"]
[EventDate "2014.11.01"]

1. e4 g6 2. d4 Bg7 3. e5 c5 4. c3 cxd4 5. cxd4 Nc6 6. Nf3 d6 7. Bb5 a6 8. Bxc6+
bxc6 9. exd6 exd6 10. O-O Ne7 11. Bg5 f6 12. Bh4 O-O 13. Nc3 Nf5 14. d5 c5 15.
Re1 g5 16. Bg3 Nxg3 17. hxg3 Bf5 18. b3 Re8 19. Qd2 Qd7 20. Nh2 Bg6 21. Rac1
Rxe1+ 22. Rxe1 Re8 23. Nf3 Rxe1+ 24. Qxe1 Qe8 25. Qd2 Qe7 26. Nh2 f5 27. Nf3 h6
28. Nh2 Qe5 29. Nd1 Qd4 30. Nf3 Qa1 31. Kh2 Qf6 32. Qe2 f4 33. g4 h5 34. Ng1
hxg4 35. Qxg4 Bf5 36. Qe2 Qh6+ 37. Nh3 g4 0-1

[Event "First Saturday FM-B November2014"]
[Site "Budapest"]
[Date "2014.11.08"]
[Round "7.3"]
[White "Steer, Jozsef"]
[Black "Ongut, Tamas Gunes"]
[Result "1-0"]
[WhiteElo "1804"]
[BlackElo "1685"]
[PlyCount "75"]
[EventDate "2014.11.01"]

1. e4 c5 2. Nf3 d6 3. d4 cxd4 4. Nxd4 Nf6 5. Nc3 a6 6. Bc4 e6 7. Bb3 Nc6 8. Be3
Be7 9. O-O O-O 10. Qe2 Qc7 11. Rad1 b5 12. Nxc6 Qxc6 13. f3 Bb7 14. Qf2 Rad8
15. Ne2 Qc8 16. Bb6 Rde8 17. Kh1 d5 18. exd5 Bxd5 19. Nc3 Bxb3 20. cxb3 Nd7 21.
Bd4 e5 22. Be3 Bc5 23. Ne4 Bxe3 24. Qxe3 Re7 25. Rc1 Qb7 26. Rfd1 f5 27. Nd6
Qb8 28. Qg5 Nf6 29. Nxf5 Ra7 30. h4 e4 31. f4 e3 32. Nxe3 Kh8 33. Qe5 Qb7 34.
Rd6 Ne4 35. Re6 Ng3+ 36. Kh2 Ne2 37. Rcc6 Nxf4 38. Qxf4 1-0

[Event "First Saturday FM-B November2014"]
[Site "Budapest"]
[Date "2014.11.08"]
[Round "7.4"]
[White "Alkire, Brian James"]
[Black "Szabo, Miklos Istvan"]
[Result "1-0"]
[WhiteElo "1613"]
[BlackElo "1332"]
[PlyCount "129"]
[EventDate "2014.11.01"]

1. d4 d5 2. c4 e6 3. Nc3 Nf6 4. cxd5 exd5 5. Bg5 c6 6. Qc2 Be7 7. e3 Bg4 8. h3
Bh5 9. Bd3 Bg6 10. Bxg6 hxg6 11. Nf3 Nbd7 12. O-O Qc7 13. Rab1 a5 14. a3 O-O
15. Rfe1 Rfe8 16. b4 axb4 17. axb4 Bd6 18. Rec1 Rec8 19. Qb3 Qd8 20. b5 Ra3 21.
Qb2 Qa5 22. bxc6 Rxc6 23. Nb5 Qb6 24. Rxc6 bxc6 25. Nxd6 Qxb2 26. Rxb2 Ra1+ 27.
Kh2 Kf8 28. Bxf6 gxf6 29. Nb7 Rc1 30. Ra2 Nb6 31. Nc5 Kg7 32. Ra6 Rb1 33. g4 g5
34. Ra7 Kg6 35. Rc7 Rb2 36. Kg3 Nc4 37. Rxc6 Rc2 38. h4 gxh4+ 39. Nxh4+ Kg7 40.
Nf5+ Kg6 41. Ne7+ Kg7 42. Nxd5 Nd2 43. Rxf6 Nf1+ 44. Kh4 Nd2 45. g5 Nc4 46. Ne7
Nxe3 47. fxe3 Kf8 48. Nf5 Rh2+ 49. Kg3 Rh5 50. Kg4 Rh1 51. Rc6 Kg8 52. Rh6 Rg1+
53. Kf4 Rf1+ 54. Ke4 Rg1 55. d5 Rxg5 56. d6 Rg1 57. d7 Rd1 58. Nd4 f5+ 59. Kxf5
Rf1+ 60. Ke6 Rf8 61. Nc6 Kg7 62. d8=Q Rxd8 63. Nxd8 Kxh6 64. e4 Kg7 65. e5 1-0

[Event "First Saturday FM-B November2014"]
[Site "Budapest"]
[Date "2014.11.09"]
[Round "8.1"]
[White "Szurkos, Andras"]
[Black "Bacsi, Andras"]
[Result "1/2-1/2"]
[WhiteElo "1741"]
[BlackElo "1769"]
[PlyCount "49"]
[EventDate "2014.11.01"]

1. e4 e6 2. b3 d5 3. Bb2 Nf6 4. e5 Nfd7 5. d4 c5 6. Nf3 Nc6 7. c3 Be7 8. Bb5
O-O 9. O-O a6 10. Bxc6 bxc6 11. Re1 cxd4 12. cxd4 Bb7 13. Nbd2 c5 14. Re3 Qb6
15. Nf1 Rae8 16. dxc5 Bxc5 17. Bd4 Bxd4 18. Nxd4 f6 19. exf6 Rxf6 20. Rf3 Rxf3
21. Nxf3 e5 22. Ng5 h6 23. Nh3 d4 24. Qg4 Nf6 25. Qh4 1/2-1/2

[Event "First Saturday FM-B November2014"]
[Site "Budapest"]
[Date "2014.11.09"]
[Round "8.3"]
[White "Ongut, Tamas Gunes"]
[Black "Alkire, Brian James"]
[Result "1/2-1/2"]
[WhiteElo "1685"]
[BlackElo "1613"]
[PlyCount "48"]
[EventDate "2014.11.01"]

1. e4 c5 2. Nf3 d6 3. d4 cxd4 4. Qxd4 Nc6 5. Bb5 a6 6. Bxc6+ bxc6 7. Nc3 Bg4 8.
Qc4 Qc7 9. Nd5 Qb7 10. Qa4 Bd7 11. Nc3 g6 12. Qd4 Nf6 13. O-O Bg7 14. Rb1 O-O
15. Bg5 Rab8 16. Qd2 c5 17. Bxf6 Bxf6 18. Nd5 Bc6 19. Nxf6+ exf6 20. Qxd6 Bxe4
21. Ne1 Kg7 22. f3 Bf5 23. Qxc5 Rbc8 24. Qf2 h5 1/2-1/2

[Event "First Saturday FM-B November2014"]
[Site "Budapest"]
[Date "2014.11.09"]
[Round "8.4"]
[White "Szlenka, Attila"]
[Black "Steer, Jozsef"]
[Result "1/2-1/2"]
[WhiteElo "1757"]
[BlackElo "1804"]
[PlyCount "28"]
[EventDate "2014.11.01"]

1. e4 c6 2. d4 d5 3. Nc3 dxe4 4. Nxe4 Bf5 5. Ng3 Bg6 6. Nf3 Nd7 7. Bd3 Bxd3 8.
Qxd3 Qc7 9. O-O e6 10. c4 Ngf6 11. Be3 Be7 12. Rac1 O-O 13. h3 Qd8 14. Rfd1 Rc8
1/2-1/2

[Event "First Saturday FM-B November2014"]
[Site "Budapest"]
[Date "2014.11.09"]
[Round "8.5"]
[White "Oberfrank, Istvan"]
[Black "Ambrus, Ferenc"]
[Result "1-0"]
[WhiteElo "1755"]
[BlackElo "1397"]
[PlyCount "107"]
[EventDate "2014.11.01"]

1. e4 Nf6 2. Nc3 d5 3. e5 Nfd7 4. d4 e6 5. f4 c5 6. Nf3 a6 7. Be3 Nc6 8. Be2
cxd4 9. Nxd4 Bb4 10. O-O Bxc3 11. bxc3 O-O 12. Bd3 Nxd4 13. cxd4 f5 14. Rf3 b5
15. Rh3 Rf7 16. g4 Nb6 17. gxf5 exf5 18. Qh5 g6 19. Rg3 Raa7 20. Kh1 Nc4 21.
Rag1 Nxe3 22. Rxe3 Be6 23. Rh3 Rg7 24. Qd1 Qa5 25. Qa1 Rac7 26. Rf3 Qa3 27. Be2
Qa5 28. c3 Rc6 29. h4 Qd8 30. Rh3 h5 31. Qb2 Kh7 32. Qb4 Rgc7 33. Rgg3 Qa8 34.
Qa5 Qb7 35. a3 Rc4 36. Bxc4 dxc4+ 37. Kh2 Qc6 38. Rg1 Kg7 39. Rhg3 Bf7 40. e6
Be8 41. Re3 Re7 42. Rge1 Kf6 43. Qd8 a5 44. d5 Qc7 45. Qxc7 Rxc7 46. d6 Ra7 47.
Rd1 b4 48. d7 Bxd7 49. exd7 Rxd7 50. Rxd7 b3 51. a4 b2 52. Rb7 g5 53. hxg5+ Kg6
54. Re6# 1-0

[Event "First Saturday FM-B November2014"]
[Site "Budapest"]
[Date "2014.11.10"]
[Round "9.1"]
[White "Ambrus, Ferenc"]
[Black "Szurkos, Andras"]
[Result "0-1"]
[WhiteElo "1397"]
[BlackElo "1741"]
[PlyCount "104"]
[EventDate "2014.11.01"]

1. e4 e5 2. f4 d5 3. exd5 e4 4. c4 Bc5 5. Nc3 Bxg1 6. Rxg1 Qh4+ 7. g3 Qxh2 8.
Rg2 Qh6 9. Nxe4 Ne7 10. Qe2 O-O 11. Rh2 Qg6 12. Qg2 Bg4 13. b3 Re8 14. Kf2 f5
15. Ng5 Qb6+ 16. d4 Qxd4+ 17. Be3 Qxa1 18. Kg1 h5 19. Ne6 Na6 20. Bd4 Qd1 21.
Bxg7 Qf3 22. Qxf3 Bxf3 23. Bc3 Ng6 24. Bd3 Ne7 25. Kf2 Bg4 26. b4 Rac8 27. b5
Nb8 28. Rh1 c6 29. d6 Ng6 30. Re1 cxb5 31. c5 a6 32. a4 Nf8 33. Nc7 Rxe1 34.
Bxe1 bxa4 35. Bc4+ Kh7 36. Bd5 Nc6 37. Bc3 Nd7 38. Ne6 b5 39. Ng5+ Kg6 40. Be6
Ncb8 41. Ke3 Rxc5 42. Bb4 Rc1 43. Bf7+ Kh6 44. Ba5 Rg1 45. Kf2 Rd1 46. Be6 a3
47. Bd8 a2 48. Nf7+ Kh7 49. Bg5 Rd2+ 50. Ke3 Re2+ 51. Kd4 a1=Q+ 52. Kd5 Qd1#
0-1

[Event "First Saturday FM-B November2014"]
[Site "Budapest"]
[Date "2014.11.10"]
[Round "9.2"]
[White "Steer, Jozsef"]
[Black "Oberfrank, Istvan"]
[Result "1/2-1/2"]
[WhiteElo "1804"]
[BlackElo "1755"]
[PlyCount "48"]
[EventDate "2014.11.01"]

1. e4 d6 2. d4 g6 3. Nc3 Bg7 4. Bc4 Nf6 5. f3 O-O 6. Be3 Nc6 7. Qd2 e5 8. Nge2
Na5 9. Bb3 b6 10. O-O-O Nxb3+ 11. axb3 Bb7 12. Bh6 a6 13. Bxg7 Kxg7 14. g4 b5
15. Ng3 c6 16. dxe5 dxe5 17. Qg5 Nd7 18. Nf5+ Kh8 19. Qh6 gxf5 20. Rxd7 Qxd7
21. Qf6+ Kg8 22. gxf5 Qd4 23. Qg5+ Kh8 24. Qf6+ Kg8 1/2-1/2

[Event "First Saturday FM-B November2014"]
[Site "Budapest"]
[Date "2014.11.10"]
[Round "9.3"]
[White "Alkire, Brian James"]
[Black "Szlenka, Attila"]
[Result "1-0"]
[WhiteElo "1613"]
[BlackElo "1757"]
[PlyCount "67"]
[EventDate "2014.11.01"]

1. d4 Nf6 2. c4 g6 3. Nc3 Bg7 4. e4 d6 5. f3 O-O 6. Be3 e5 7. Nge2 Nbd7 8. Qd2
c6 9. d5 c5 10. g4 a6 11. Ng3 Kh8 12. g5 Ng8 13. h4 f5 14. exf5 gxf5 15. Nh5
Qe7 16. O-O-O Qf7 17. Nxg7 Qxg7 18. Bd3 Nb6 19. Rdg1 Bd7 20. h5 Nc8 21. Qg2 f4
22. h6 Qf7 23. Bxh7 Nge7 24. g6 Nxg6 25. Bxg6 Qg8 26. h7 Qg7 27. Bf2 Ne7 28.
Ne4 Nf5 29. Bxf5 Qxg2 30. Rxg2 Bxf5 31. Nxd6 Bd3 32. Bxc5 b5 33. Ne4 Rfc8 34.
Nf6 1-0

[Event "First Saturday FM-B November2014"]
[Site "Budapest"]
[Date "2014.11.10"]
[Round "9.5"]
[White "Bacsi, Andras"]
[Black "Szabo, Miklos Istvan"]
[Result "1-0"]
[WhiteElo "1769"]
[BlackElo "1332"]
[PlyCount "59"]
[EventDate "2014.11.01"]

1. e4 e6 2. d4 d5 3. Nd2 dxe4 4. Nxe4 f5 5. Ng3 Nf6 6. Nf3 Nbd7 7. Bc4 Qe7 8.
O-O Nb6 9. Bb3 Bd7 10. Re1 O-O-O 11. Nxf5 Qb4 12. Bxe6 Bxe6 13. Rxe6 Bc5 14.
Qe1 Qxe1+ 15. Rxe1 Bd6 16. Nxg7 Rhg8 17. Bg5 Rdf8 18. Ne6 Rf7 19. Ne5 Bxe5 20.
dxe5 Ng4 21. f3 h6 22. Bh4 Nxe5 23. Rxe5 Rxf3 24. Rf1 Rh3 25. Bg3 Nc4 26. Rc5
Ne3 27. Rxc7+ Kb8 28. Rg7+ Rxg3 29. hxg3 Nxf1 30. Rxg8# 1-0